[Event "Blitz 2018"]
[Site "Saint-Petersburg"]
[Date "2018.12.29"]
[Round "6"]
[Board "78"]
[White "Rechlis Gad (ISR)"]
[Black "Yeritsyan Aram (RUS)"]
[Result "1-0"]
[LiveChessVersion "1.4.8"]
[BlackElo "2191"]
[WhiteElo "2500"]

1. e4 {[%clk 0:03:03]} e5 {[%clk 0:03:03]} 2. Nf3 {[%clk 0:03:04]} Nc6
{[%clk 0:03:04]} 3. Bb5 {[%clk 0:03:05]} a6 {[%clk 0:03:06]} 4. Ba4
{[%clk 0:03:07]} Nf6 {[%clk 0:03:07]} 5. O-O {[%clk 0:03:08]} Be7
{[%clk 0:03:08]} 6. Re1 {[%clk 0:03:09]} b5 {[%clk 0:03:08]} 7. Bb3
{[%clk 0:03:10]} O-O 8. c3 {[%clk 0:03:09]} d5 {[%clk 0:03:09]} 9. exd5
{[%clk 0:03:08]} Nxd5 {[%clk 0:03:10]} 10. Nxe5 {[%clk 0:03:05]} Nxe5 11. Rxe5 c6
12. d3 {[%clk 0:03:00]} Bd6 {[%clk 0:03:14]} 13. g3 {[%clk 0:03:00]} Bf5
{[%clk 0:03:13]} 14. Re1 {[%clk 0:02:40]} Qh4 {[%clk 0:03:12]} 15. Qf3
{[%clk 0:02:40]} Qh3 {[%clk 0:03:13]} 16. Bxd5 {[%clk 0:02:22]} cxd5
{[%clk 0:03:14]} 17. Bf4 {[%clk 0:02:23]} Bg4 {[%clk 0:02:00]} 18. Qg2
{[%clk 0:02:19]} Bxf4 {[%clk 0:02:01]} 19. gxf4 {[%clk 0:02:20]} Rae8
{[%clk 0:01:48]} 20. Na3 {[%clk 0:02:01]} Qh5 {[%clk 0:01:35]} 21. Nc2
{[%clk 0:01:57]} Re6 {[%clk 0:01:26]} 22. Re5 {[%clk 0:01:34]} Rxe5
{[%clk 0:01:12]} 23. fxe5 {[%clk 0:01:35]} Bf3 {[%clk 0:01:13]} 24. Qg3
{[%clk 0:01:35]} f5 {[%clk 0:01:15]} 25. Nd4 {[%clk 0:01:35]} Bg4
{[%clk 0:00:58]} 26. f4 {[%clk 0:01:33]} h6 {[%clk 0:00:51]} 27. Re1
{[%clk 0:01:31]} g5 {[%clk 0:00:46]} 28. e6 {[%clk 0:01:28]} Kh7 {[%clk 0:00:38]}
29. e7 Re8 30. Re5 {[%clk 0:01:18]} Bh3 {[%clk 0:00:23]} 31. fxg5
{[%clk 0:01:14]} hxg5 {[%clk 0:00:20]} 32. Ne6 {[%clk 0:00:57]} Bg4
{[%clk 0:00:08]} 33. h3 {[%clk 0:00:56]} Bxh3 {[%clk 0:00:00]} 34. Qxh3
{[%clk 0:00:56]} 1-0

[Event "Blitz 2018"]
[Site "Saint-Petersburg"]
[Date "2018.12.29"]
[Round "6"]
[Board "79"]
[White "Bocharov Ivan (RUS)"]
[Black "Hirneise Tobias (GER)"]
[Result "1-0"]
[LiveChessVersion "1.4.8"]
[BlackElo "2472"]
[WhiteElo "2715"]

1. e4 {[%clk 0:03:04]} c5 {[%clk 0:03:02]} 2. Nf3 {[%clk 0:03:05]} d6
{[%clk 0:03:03]} 3. d4 {[%clk 0:03:06]} cxd4 {[%clk 0:03:05]} 4. Nxd4
{[%clk 0:03:07]} Nf6 {[%clk 0:03:06]} 5. Nc3 {[%clk 0:03:09]} Nc6
{[%clk 0:03:07]} 6. Bg5 e6 7. Qd2 a6 8. O-O-O Bd7 9. f4 {[%clk 0:02:56]} h6
{[%clk 0:03:14]} 10. Bxf6 {[%clk 0:02:55]} Qxf6 {[%clk 0:03:15]} 11. Nf3
{[%clk 0:02:47]} Qd8 {[%clk 0:03:16]} 12. h4 {[%clk 0:02:35]} Qc7
{[%clk 0:03:17]} 13. g4 {[%clk 0:02:30]} O-O-O {[%clk 0:03:18]} 14. Bg2
{[%clk 0:02:18]} Kb8 {[%clk 0:03:19]} 15. g5 {[%clk 0:02:19]} Be7
{[%clk 0:03:16]} 16. Nd4 {[%clk 0:02:14]} Rc8 {[%clk 0:02:59]} 17. Nb3
{[%clk 0:02:09]} Na5 {[%clk 0:02:52]} 18. Qd4 {[%clk 0:01:42]} Nxb3+
{[%clk 0:02:30]} 19. axb3 {[%clk 0:01:43]} hxg5 {[%clk 0:02:20]} 20. hxg5
{[%clk 0:01:43]} Rxh1 {[%clk 0:02:04]} 21. Bxh1 {[%clk 0:01:42]} g6
{[%clk 0:01:42]} 22. Qg7 {[%clk 0:01:29]} Be8 {[%clk 0:01:39]} 23. Qd4
{[%clk 0:01:11]} Qc5 {[%clk 0:01:38]} 24. Qd2 {[%clk 0:01:08]} Bc6
{[%clk 0:01:27]} 25. Bf3 {[%clk 0:00:46]} b5 {[%clk 0:01:28]} 26. Kb1
{[%clk 0:00:45]} Bb7 {[%clk 0:01:24]} 27. Qe2 {[%clk 0:00:44]} Qb6
{[%clk 0:01:09]} 28. Rh1 {[%clk 0:00:40]} Bc6 {[%clk 0:00:50]} 29. Rh7
{[%clk 0:00:31]} Be8 {[%clk 0:00:52]} 30. Bg4 {[%clk 0:00:23]} Qd4
{[%clk 0:00:42]} 31. Bxe6 {[%clk 0:00:20]} Rc7 {[%clk 0:00:26]} 32. Bxf7
{[%clk 0:00:19]} Bc6 {[%clk 0:00:11]} 33. Bxg6 {[%clk 0:00:19]} b4
{[%clk 0:00:08]} 34. Nd5 {[%clk 0:00:20]} Bxd5 {[%clk 0:00:08]} 35. exd5
{[%clk 0:00:22]} Qg1+ {[%clk 0:00:09]} 36. Ka2 {[%clk 0:00:22]} Kb7
{[%clk 0:00:03]} 37. Rxe7 {[%clk 0:00:23]} 1-0

[Event "Blitz 2018"]
[Site "Saint-Petersburg"]
[Date "2018.12.29"]
[Round "6"]
[Board "80"]
[White "Makarov Marat (RUS)"]
[Black "Grigoriants Sergey (RUS)"]
[Result "0-1"]
[LiveChessVersion "1.4.8"]
[BlackElo "2626"]
[WhiteElo "2505"]

1. d4 {[%clk 0:03:01]} Nf6 {[%clk 0:03:03]} 2. c4 {[%clk 0:03:01]} g6
{[%clk 0:03:02]} 3. Nf3 {[%clk 0:03:01]} Bg7 {[%clk 0:03:03]} 4. g3
{[%clk 0:03:02]} c5 {[%clk 0:02:59]} 5. Bg2 {[%clk 0:03:01]} O-O {[%clk 0:02:46]}
6. O-O {[%clk 0:02:57]} cxd4 {[%clk 0:02:41]} 7. Nxd4 {[%clk 0:02:58]} Nc6
{[%clk 0:02:40]} 8. Nc3 {[%clk 0:02:58]} Ng4 {[%clk 0:02:37]} 9. e3
{[%clk 0:02:57]} d6 {[%clk 0:02:38]} 10. b3 {[%clk 0:02:56]} Nxd4 11. exd4
{[%clk 0:02:55]} Nh6 {[%clk 0:02:14]} 12. Bd2 {[%clk 0:02:31]} Nf5
{[%clk 0:02:02]} 13. d5 {[%clk 0:02:32]} Bd7 {[%clk 0:02:03]} 14. a4
{[%clk 0:02:30]} a6 {[%clk 0:01:39]} 15. Ne4 {[%clk 0:01:00]} Rc8
{[%clk 0:01:00]} 16. Rc1 {[%clk 0:01:00]} b5 {[%clk 0:00:52]} 17. axb5
{[%clk 0:00:59]} axb5 {[%clk 0:00:53]} 18. c5 {[%clk 0:00:57]} dxc5
{[%clk 0:00:52]} 19. Nxc5 {[%clk 0:00:51]} Nd6 {[%clk 0:00:49]} 20. Be3
{[%clk 0:00:46]} Bf5 {[%clk 0:00:46]} 21. Bd4 {[%clk 0:00:46]} Bxd4
{[%clk 0:00:10]} 22. Qxd4 {[%clk 0:00:46]} Rc7 {[%clk 0:00:11]} 23. Rfe1
{[%clk 0:00:43]} Qc8 {[%clk 0:00:07]} 24. b4 {[%clk 0:00:44]} Rd8
{[%clk 0:00:06]} 25. Re2 {[%clk 0:00:36]} Nc4 {[%clk 0:00:06]} 26. Rce1
{[%clk 0:00:35]} e5 {[%clk 0:00:06]} 27. Qh4 {[%clk 0:00:35]} Re8
{[%clk 0:00:03]} 28. h3 {[%clk 0:00:34]} h5 {[%clk 0:00:05]} 29. f3
{[%clk 0:00:28]} Rxc5 {[%clk 0:00:05]} 30. bxc5 {[%clk 0:00:28]} Qxc5+ 31. Kh2
{[%clk 0:00:26]} Qxd5 {[%clk 0:00:05]} 32. g4 {[%clk 0:00:18]} Bd3
{[%clk 0:00:05]} 33. Rd1 {[%clk 0:00:15]} Qd4 {[%clk 0:00:06]} 34. Qf2
{[%clk 0:00:14]} Qf4+ {[%clk 0:00:07]} 0-1

[Event "Blitz 2018"]
[Site "Saint-Petersburg"]
[Date "2018.12.29"]
[Round "6"]
[Board "81"]
[White "Petrov Nikita (RUS)"]
[Black "Gasanov Eldar (UKR)"]
[Result "1-0"]
[LiveChessVersion "1.4.8"]
[BlackElo "2581"]
[WhiteElo "2468"]

1. e4 {[%clk 0:03:01]} Nc6 {[%clk 0:02:55]} 2. Nf3 {[%clk 0:03:01]} d6
{[%clk 0:02:52]} 3. d4 {[%clk 0:03:00]} Nf6 {[%clk 0:02:48]} 4. Nc3
{[%clk 0:03:01]} g6 {[%clk 0:02:48]} 5. Be3 {[%clk 0:02:47]} a6 {[%clk 0:02:45]}
6. h3 {[%clk 0:02:43]} Bg7 {[%clk 0:02:41]} 7. Qd2 {[%clk 0:02:44]} b5
{[%clk 0:02:37]} 8. Bd3 {[%clk 0:02:34]} O-O {[%clk 0:02:20]} 9. O-O
{[%clk 0:02:32]} e5 {[%clk 0:01:56]} 10. d5 {[%clk 0:02:24]} Ne7 {[%clk 0:01:51]}
11. a4 {[%clk 0:02:25]} Bd7 {[%clk 0:01:35]} 12. Qe2 {[%clk 0:01:56]} b4
{[%clk 0:01:28]} 13. Na2 {[%clk 0:01:54]} a5 {[%clk 0:01:29]} 14. c3
{[%clk 0:01:49]} c6 {[%clk 0:01:22]} 15. dxc6 {[%clk 0:01:37]} Bxc6
{[%clk 0:01:21]} 16. cxb4 {[%clk 0:01:33]} axb4 {[%clk 0:01:16]} 17. Nxb4
{[%clk 0:01:34]} Bxe4 {[%clk 0:01:16]} 18. Bxe4 {[%clk 0:01:32]} Nxe4
{[%clk 0:01:16]} 19. Rfd1 {[%clk 0:01:19]} Qb8 {[%clk 0:01:13]} 20. Nd5
{[%clk 0:00:58]} Nxd5 {[%clk 0:01:12]} 21. Rxd5 {[%clk 0:00:59]} Nf6
{[%clk 0:01:08]} 22. Rb5 {[%clk 0:01:00]} Qc8 {[%clk 0:01:05]} 23. Bg5
{[%clk 0:00:49]} Qc6 {[%clk 0:00:54]} 24. a5 {[%clk 0:00:28]} Qa6
{[%clk 0:00:45]} 25. Qf1 {[%clk 0:00:18]} Ne4 {[%clk 0:00:41]} 26. Be3
{[%clk 0:00:18]} Rfc8 {[%clk 0:00:32]} 27. Rb6 {[%clk 0:00:18]} Qxf1+
{[%clk 0:00:29]} 28. Kxf1 {[%clk 0:00:19]} d5 {[%clk 0:00:31]} 29. Ng5
{[%clk 0:00:09]} Nxg5 {[%clk 0:00:13]} 30. Bxg5 {[%clk 0:00:10]} d4
{[%clk 0:00:12]} 31. f3 {[%clk 0:00:09]} f5 {[%clk 0:00:11]} 32. a6
{[%clk 0:00:10]} e4 {[%clk 0:00:11]} 33. a7 {[%clk 0:00:10]} d3 {[%clk 0:00:11]}
34. Bf4 {[%clk 0:00:08]} Bd4 {[%clk 0:00:10]} 35. Rb8 {[%clk 0:00:06]} Rf8
{[%clk 0:00:08]} 36. Rxf8+ {[%clk 0:00:04]} Kxf8 {[%clk 0:00:09]} 37. Bb8
{[%clk 0:00:04]} e3 {[%clk 0:00:09]} 38. Ra3 {[%clk 0:00:04]} e2+
{[%clk 0:00:06]} 39. Ke1 {[%clk 0:00:05]} Kf7 {[%clk 0:00:06]} 40. Rxd3
{[%clk 0:00:05]} Bxa7 {[%clk 0:00:07]} 41. Rd7+ {[%clk 0:00:06]} Ke6
{[%clk 0:00:09]} 42. Rxa7 {[%clk 0:00:06]} Rxb8 {[%clk 0:00:10]} 43. Ra2
{[%clk 0:00:04]} h5 {[%clk 0:00:09]} 44. Kxe2 Ke5 45. Kf2 {[%clk 0:00:06]} h4
{[%clk 0:00:12]} 46. Ra5+ {[%clk 0:00:06]} Kf4 {[%clk 0:00:12]} 47. Ra4+
{[%clk 0:00:07]} Kg5 {[%clk 0:00:13]} 48. f4+ {[%clk 0:00:06]} Kf6
{[%clk 0:00:13]} 49. b4 {[%clk 0:00:06]} Ke6 {[%clk 0:00:13]} 50. Kf3
{[%clk 0:00:05]} Rc8 {[%clk 0:00:13]} 51. Ra3 {[%clk 0:00:05]} Kd5
{[%clk 0:00:13]} 52. Rb3 {[%clk 0:00:06]} Kc4 {[%clk 0:00:14]} 53. Rb1
{[%clk 0:00:07]} Rd8 {[%clk 0:00:16]} 54. b5 {[%clk 0:00:07]} Rd3+
{[%clk 0:00:15]} 55. Ke2 {[%clk 0:00:07]} Rd7 {[%clk 0:00:17]} 56. b6
{[%clk 0:00:08]} Rb7 {[%clk 0:00:18]} 57. Kf3 {[%clk 0:00:08]} Kd4
{[%clk 0:00:19]} 58. g4 {[%clk 0:00:06]} hxg3 {[%clk 0:00:20]} 59. Kxg3
{[%clk 0:00:08]} Ke3 {[%clk 0:00:21]} 60. Re1+ {[%clk 0:00:08]} Kd4
{[%clk 0:00:22]} 61. Re6 {[%clk 0:00:09]} Rg7 {[%clk 0:00:21]} 62. Kh4
{[%clk 0:00:09]} Rh7+ {[%clk 0:00:23]} 63. Kg5 {[%clk 0:00:10]} Rxh3
{[%clk 0:00:24]} 64. Kxg6 {[%clk 0:00:09]} Rb3 {[%clk 0:00:24]} 65. Kxf5
{[%clk 0:00:09]} Rb5+ {[%clk 0:00:25]} 66. Kg6 {[%clk 0:00:09]} Rb1
{[%clk 0:00:25]} 67. f5 {[%clk 0:00:09]} Kd5 {[%clk 0:00:26]} 68. Kf6
{[%clk 0:00:10]} Rb2 {[%clk 0:00:27]} 69. Ke7 {[%clk 0:00:11]} Rh2
{[%clk 0:00:27]} 70. Re1 {[%clk 0:00:08]} Rh7+ {[%clk 0:00:27]} 71. Kf6
{[%clk 0:00:09]} Rb7 {[%clk 0:00:28]} 72. Rb1 {[%clk 0:00:10]} Kd6
{[%clk 0:00:30]} 73. Kg6 {[%clk 0:00:10]} Ke5 {[%clk 0:00:28]} 74. f6
{[%clk 0:00:11]} Kd5 1-0

[Event "Blitz 2018"]
[Site "Saint-Petersburg"]
[Date "2018.12.29"]
[Round "6"]
[Board "82"]
[White "Hakobyan Aram (ARM)"]
[Black "Zakhartsov Vladimir (RUS)"]
[Result "1-0"]
[LiveChessVersion "1.4.8"]
[BlackElo "2567"]
[WhiteElo "2451"]

1. d4 {[%clk 0:03:03]} Nf6 {[%clk 0:03:04]} 2. Nf3 {[%clk 0:03:03]} g6
{[%clk 0:03:04]} 3. g3 {[%clk 0:03:04]} Bg7 {[%clk 0:03:05]} 4. Bg2
{[%clk 0:03:05]} O-O {[%clk 0:03:06]} 5. O-O {[%clk 0:03:06]} d6 {[%clk 0:03:06]}
6. b3 {[%clk 0:03:06]} c5 {[%clk 0:03:04]} 7. c4 {[%clk 0:03:05]} Nc6
{[%clk 0:03:00]} 8. Bb2 {[%clk 0:03:06]} Bf5 {[%clk 0:02:56]} 9. d5
{[%clk 0:03:04]} Na5 {[%clk 0:02:56]} 10. Nbd2 {[%clk 0:02:57]} a6
{[%clk 0:02:56]} 11. Re1 {[%clk 0:02:55]} Bg4 {[%clk 0:02:26]} 12. h3
{[%clk 0:02:54]} Bxf3 13. exf3 {[%clk 0:02:55]} b5 {[%clk 0:02:20]} 14. Bc3
{[%clk 0:02:55]} Nd7 {[%clk 0:02:03]} 15. Bxg7 Kxg7 {[%clk 0:02:05]} 16. Qc2
{[%clk 0:02:55]} Re8 {[%clk 0:01:52]} 17. h4 {[%clk 0:02:54]} h5 {[%clk 0:01:49]}
18. Ne4 {[%clk 0:02:54]} Nf6 {[%clk 0:01:41]} 19. Ng5 {[%clk 0:02:54]} Rb8
{[%clk 0:01:36]} 20. Re3 {[%clk 0:02:45]} bxc4 {[%clk 0:01:32]} 21. bxc4
{[%clk 0:02:45]} Rb4 {[%clk 0:01:33]} 22. Bf1 {[%clk 0:02:46]} Qd7
{[%clk 0:00:50]} 23. Rae1 {[%clk 0:02:40]} Kf8 {[%clk 0:00:52]} 24. a3
{[%clk 0:02:14]} Qa4 {[%clk 0:00:37]} 25. Qc1 {[%clk 0:01:38]} Rb3
{[%clk 0:00:30]} 26. Qa1 {[%clk 0:01:19]} Rxe3 {[%clk 0:00:26]} 27. Rxe3
{[%clk 0:01:21]} Kg7 {[%clk 0:00:17]} 28. Qc3 {[%clk 0:01:22]} Nb7
{[%clk 0:00:13]} 29. Bd3 {[%clk 0:01:18]} Qa5 {[%clk 0:00:14]} 30. Qb2
{[%clk 0:01:16]} Qc7 {[%clk 0:00:14]} 31. Qb1 {[%clk 0:01:13]} Nd8
{[%clk 0:00:10]} 32. Kg2 {[%clk 0:01:11]} Qb7 {[%clk 0:00:11]} 33. Qe1
{[%clk 0:01:06]} Kf8 {[%clk 0:00:10]} 34. Qa1 {[%clk 0:01:03]} Kg7
{[%clk 0:00:11]} 35. f4 {[%clk 0:01:02]} Qd7 {[%clk 0:00:12]} 36. Ne4
{[%clk 0:00:53]} Nb7 {[%clk 0:00:10]} 37. Rf3 {[%clk 0:00:46]} Qd8
{[%clk 0:00:05]} 38. f5 {[%clk 0:00:46]} Rf8 {[%clk 0:00:06]} 39. fxg6
{[%clk 0:00:41]} fxg6 {[%clk 0:00:06]} 40. Ng5 {[%clk 0:00:42]} Qc8
{[%clk 0:00:05]} 41. Ne6+ {[%clk 0:00:43]} Kh7 42. Nxf8+ {[%clk 0:00:38]} Qxf8
{[%clk 0:00:07]} 43. Qb1 {[%clk 0:00:37]} Nd8 {[%clk 0:00:07]} 44. Bxg6+
{[%clk 0:00:37]} Kg7 {[%clk 0:00:07]} 45. Bxh5 {[%clk 0:00:33]} Qh8
{[%clk 0:00:08]} 46. Qg6+ Kf8 47. Qe8+ {[%clk 0:00:34]} Kg7 {[%clk 0:00:11]} 48.
Qxe7+ {[%clk 0:00:35]} 1-0

[Event "Blitz 2018"]
[Site "Saint-Petersburg"]
[Date "2018.12.29"]
[Round "6"]
[Board "83"]
[White "Belyakov Bogdan (RUS)"]
[Black "Levin Evgeny A. (RUS)"]
[Result "1/2-1/2"]
[LiveChessVersion "1.4.8"]
[BlackElo "2539"]
[WhiteElo "2448"]

1. e4 {[%clk 0:03:03]} d5 {[%clk 0:03:04]} 2. exd5 Qxd5 {[%clk 0:03:05]} 3. Nc3
{[%clk 0:03:03]} Qd8 {[%clk 0:03:06]} 4. d4 {[%clk 0:03:03]} c6 {[%clk 0:03:07]}
5. Bf4 {[%clk 0:03:03]} Bf5 {[%clk 0:03:08]} 6. Qd2 {[%clk 0:03:03]} e6
{[%clk 0:03:09]} 7. O-O-O {[%clk 0:03:03]} Nf6 {[%clk 0:03:06]} 8. f3
{[%clk 0:03:00]} Bb4 {[%clk 0:03:03]} 9. Nge2 {[%clk 0:02:45]} Nbd7
{[%clk 0:03:02]} 10. a3 {[%clk 0:02:44]} Ba5 {[%clk 0:02:54]} 11. g4
{[%clk 0:02:42]} Bg6 {[%clk 0:02:56]} 12. h4 {[%clk 0:02:35]} h5 {[%clk 0:02:56]}
13. Bg5 {[%clk 0:02:09]} hxg4 14. fxg4 {[%clk 0:02:09]} Be4 {[%clk 0:02:05]} 15.
Rg1 {[%clk 0:02:05]} Bf3 {[%clk 0:01:21]} 16. Qf4 {[%clk 0:01:47]} Bxe2
{[%clk 0:01:19]} 17. Nxe2 {[%clk 0:01:47]} Qc7 {[%clk 0:01:14]} 18. Qf3
{[%clk 0:01:32]} O-O-O {[%clk 0:01:12]} 19. h5 {[%clk 0:01:30]} Qd6
{[%clk 0:01:01]} 20. h6 {[%clk 0:01:20]} Qd5 {[%clk 0:01:02]} 21. Qxd5
{[%clk 0:01:18]} cxd5 {[%clk 0:01:01]} 22. hxg7 {[%clk 0:01:15]} Rh7
{[%clk 0:01:02]} 23. Bxf6 {[%clk 0:00:46]} Nxf6 {[%clk 0:01:03]} 24. g5
{[%clk 0:00:48]} Ne4 {[%clk 0:00:58]} 25. b4 {[%clk 0:00:43]} Bc7
{[%clk 0:00:56]} 26. g6 {[%clk 0:00:41]} Rxg7 {[%clk 0:00:53]} 27. gxf7
{[%clk 0:00:41]} Rxg1 {[%clk 0:00:38]} 28. Nxg1 {[%clk 0:00:42]} Rf8
{[%clk 0:00:38]} 29. Bh3 {[%clk 0:00:30]} Kd7 {[%clk 0:00:26]} 30. c4
{[%clk 0:00:30]} Ke7 {[%clk 0:00:28]} 31. cxd5 {[%clk 0:00:24]} exd5
{[%clk 0:00:29]} 32. Rf1 {[%clk 0:00:24]} Rxf7 {[%clk 0:00:22]} 33. Rxf7+ 1/2-1/2

[Event "Blitz 2018"]
[Site "Saint-Petersburg"]
[Date "2018.12.29"]
[Round "6"]
[Board "84"]
[White "Baron Tal (ISR)"]
[Black "Kryakvin Dmitry (RUS)"]
[Result "0-1"]
[LiveChessVersion "1.4.8"]
[BlackElo "2536"]
[WhiteElo "2421"]

1. Nf3 {[%clk 0:03:03]} d5 {[%clk 0:03:03]} 2. d4 {[%clk 0:03:05]} Nf6
{[%clk 0:03:04]} 3. Bf4 {[%clk 0:03:06]} c6 {[%clk 0:03:00]} 4. e3
{[%clk 0:03:05]} Nh5 {[%clk 0:03:00]} 5. Be5 {[%clk 0:03:00]} Nd7
{[%clk 0:03:00]} 6. c4 {[%clk 0:02:17]} e6 {[%clk 0:02:59]} 7. Nc3
{[%clk 0:02:16]} Nxe5 {[%clk 0:02:51]} 8. dxe5 {[%clk 0:02:02]} g6
{[%clk 0:02:52]} 9. cxd5 exd5 {[%clk 0:02:50]} 10. e4 {[%clk 0:01:41]} Bb4
{[%clk 0:02:20]} 11. exd5 {[%clk 0:01:39]} Bxc3+ {[%clk 0:02:21]} 12. bxc3
{[%clk 0:01:39]} Qxd5 {[%clk 0:02:20]} 13. Qxd5 {[%clk 0:01:38]} cxd5
{[%clk 0:02:21]} 14. g3 {[%clk 0:01:18]} Ke7 {[%clk 0:02:12]} 15. Bg2
{[%clk 0:01:15]} Be6 {[%clk 0:02:12]} 16. Rb1 {[%clk 0:01:14]} b6
{[%clk 0:02:10]} 17. Kd2 {[%clk 0:01:14]} Rhc8 {[%clk 0:02:08]} 18. Nd4
{[%clk 0:01:14]} Ng7 {[%clk 0:01:58]} 19. a4 {[%clk 0:01:12]} Nf5
{[%clk 0:01:47]} 20. Rb4 {[%clk 0:00:59]} Rc5 {[%clk 0:01:42]} 21. Nxf5+
{[%clk 0:00:51]} Bxf5 {[%clk 0:01:41]} 22. c4 {[%clk 0:00:43]} Be6
{[%clk 0:01:28]} 23. Ke3 {[%clk 0:00:31]} Rd8 {[%clk 0:01:21]} 24. cxd5
{[%clk 0:00:30]} Bxd5 {[%clk 0:01:22]} 25. Bxd5 {[%clk 0:00:29]} Rdxd5
{[%clk 0:01:08]} 26. f4 {[%clk 0:00:29]} Rc2 {[%clk 0:01:09]} 27. Rd4
{[%clk 0:00:14]} Rxd4 {[%clk 0:01:03]} 28. Kxd4 {[%clk 0:00:15]} Ra2
{[%clk 0:01:05]} 29. Rc1 {[%clk 0:00:16]} Rxa4+ {[%clk 0:01:05]} 30. Kd5
{[%clk 0:00:17]} Ra5+ {[%clk 0:01:00]} 31. Ke4 {[%clk 0:00:17]} Rc5
{[%clk 0:00:57]} 32. Ra1 {[%clk 0:00:15]} Rc7 {[%clk 0:00:56]} 33. g4
{[%clk 0:00:16]} f6 {[%clk 0:00:54]} 34. exf6+ {[%clk 0:00:14]} Kxf6
{[%clk 0:00:55]} 35. Rd1 {[%clk 0:00:13]} Rc4+ {[%clk 0:00:53]} 36. Ke3
{[%clk 0:00:13]} Ke6 {[%clk 0:00:54]} 37. Rd8 {[%clk 0:00:13]} Rc7
{[%clk 0:00:53]} 38. Rh8 {[%clk 0:00:13]} Rb7 {[%clk 0:00:51]} 39. Re8+
{[%clk 0:00:14]} Kf7 {[%clk 0:00:51]} 40. Rh8 {[%clk 0:00:14]} Kg7
{[%clk 0:00:52]} 41. Rc8 {[%clk 0:00:14]} b5 {[%clk 0:00:54]} 42. Kd3
{[%clk 0:00:14]} a5 {[%clk 0:00:45]} 43. Ra8 {[%clk 0:00:13]} a4 {[%clk 0:00:42]}
44. Ra6 {[%clk 0:00:14]} b4 {[%clk 0:00:35]} 45. Rxa4 {[%clk 0:00:15]} b3
{[%clk 0:00:36]} 46. Ra1 {[%clk 0:00:16]} b2 47. Rb1 Rb4 {[%clk 0:00:37]} 48. f5
{[%clk 0:00:04]} g5 {[%clk 0:00:38]} 49. Kc3 {[%clk 0:00:05]} Rxg4
{[%clk 0:00:36]} 50. Rxb2 {[%clk 0:00:06]} Kf6 {[%clk 0:00:33]} 51. Rb6+
{[%clk 0:00:06]} Kxf5 {[%clk 0:00:33]} 52. Rh6 {[%clk 0:00:06]} Kf4
{[%clk 0:00:20]} 53. Kd3 {[%clk 0:00:03]} Kf3 {[%clk 0:00:20]} 54. h3
{[%clk 0:00:00]} 0-1

[Event "Blitz 2018"]
[Site "Saint-Petersburg"]
[Date "2018.12.29"]
[Round "6"]
[Board "85"]
[White "Vishnu Prasanna. V (IND)"]
[Black "Steinberg Nitzan (ISR)"]
[Result "1-0"]
[LiveChessVersion "1.4.8"]
[BlackElo "2447"]
[WhiteElo "2519"]

1. d4 {[%clk 0:03:02]} d5 {[%clk 0:03:03]} 2. c4 {[%clk 0:03:03]} c6
{[%clk 0:03:04]} 3. Nc3 {[%clk 0:03:03]} Nf6 {[%clk 0:03:05]} 4. e3
{[%clk 0:03:04]} e6 {[%clk 0:03:04]} 5. Nf3 {[%clk 0:03:02]} Nbd7
{[%clk 0:03:05]} 6. Ne5 {[%clk 0:03:03]} Bb4 {[%clk 0:02:40]} 7. Qc2
{[%clk 0:02:38]} O-O {[%clk 0:02:34]} 8. Bd3 {[%clk 0:02:36]} dxc4 9. Nxc4
{[%clk 0:02:36]} b6 {[%clk 0:01:56]} 10. O-O {[%clk 0:02:35]} Bb7
{[%clk 0:01:57]} 11. Rd1 {[%clk 0:02:24]} Bxc3 {[%clk 0:01:46]} 12. bxc3
{[%clk 0:02:20]} c5 {[%clk 0:01:44]} 13. e4 {[%clk 0:02:19]} cxd4
{[%clk 0:01:12]} 14. cxd4 {[%clk 0:02:19]} Rc8 {[%clk 0:01:14]} 15. Qe2
{[%clk 0:02:16]} Bxe4 {[%clk 0:01:11]} 16. Ba3 {[%clk 0:02:03]} Bxd3
{[%clk 0:00:54]} 17. Qxd3 {[%clk 0:02:03]} b5 {[%clk 0:00:48]} 18. Nd6
{[%clk 0:01:36]} Rb8 {[%clk 0:00:50]} 19. Nxb5 Re8 20. Nd6 {[%clk 0:01:08]} Rf8
{[%clk 0:00:52]} 21. Rab1 {[%clk 0:00:54]} Nb6 {[%clk 0:00:44]} 22. Nb5
{[%clk 0:00:53]} Re8 {[%clk 0:00:45]} 23. Nxa7 {[%clk 0:00:52]} Qd7
{[%clk 0:00:43]} 24. Nb5 {[%clk 0:00:51]} Red8 {[%clk 0:00:41]} 25. Bc5
{[%clk 0:00:51]} Nbd5 {[%clk 0:00:39]} 26. a4 {[%clk 0:00:49]} Ra8
{[%clk 0:00:36]} 27. Qc2 {[%clk 0:00:45]} Rdb8 {[%clk 0:00:31]} 28. g3
{[%clk 0:00:42]} h5 {[%clk 0:00:33]} 29. Bd6 {[%clk 0:00:30]} Rc8
{[%clk 0:00:33]} 30. Qb3 {[%clk 0:00:30]} h4 {[%clk 0:00:29]} 31. Be5
{[%clk 0:00:29]} Ne4 {[%clk 0:00:24]} 32. Ra1 {[%clk 0:00:23]} f6
{[%clk 0:00:22]} 33. Qd3 {[%clk 0:00:18]} Nec3 {[%clk 0:00:20]} 34. Bf4
{[%clk 0:00:09]} Nxd1 {[%clk 0:00:21]} 35. Qxd1 {[%clk 0:00:09]} Nxf4
{[%clk 0:00:18]} 36. gxf4 {[%clk 0:00:10]} Qd5 {[%clk 0:00:19]} 37. Qg4
{[%clk 0:00:10]} Kf7 {[%clk 0:00:16]} 38. h3 {[%clk 0:00:10]} Rc4
{[%clk 0:00:14]} 39. Re1 {[%clk 0:00:08]} Raxa4 {[%clk 0:00:12]} 40. f5
{[%clk 0:00:09]} exf5 41. Qh5+ {[%clk 0:00:10]} g6 {[%clk 0:00:04]} 42. Qh7+
{[%clk 0:00:10]} Kf8 {[%clk 0:00:06]} 43. Qh8+ {[%clk 0:00:11]} Kf7
{[%clk 0:00:06]} 44. Qe8+ Kg7 45. Qe7+ {[%clk 0:00:07]} Kh6 {[%clk 0:00:07]} 46.
Qxf6 {[%clk 0:00:07]} Qxb5 {[%clk 0:00:04]} 47. Qxh4+ {[%clk 0:00:07]} Kg7
{[%clk 0:00:05]} 48. Re7+ {[%clk 0:00:07]} 1-0